01598nam a2200217 a 4500008004100000020001800041041000800059092001900067100002700086245004200113250006200155260005500217300001100272500009500283505068300378590006101061655001701122942001301139999001501152952021301167161215e2005 ag |||g |||| 00| f spa d a9789561317000 aspa c808.8l81sSTE1 aStevenson, R. L.932133 aLa isla del tesoro /cR. L. Stevenson a1a ed. 1ra reimp.bTexto abreviado de Gisela Silva Encina aSantiago de Chile [Chile]:bAndrés Bello;c2005. a251 p. aStevenson, R. L. (2005). La isla del tesoro. (1a ed.). Santiago de Chile : Andrés Bello. aHasta la posada Almirante Benbow llega un extraño marinero al que persiguen otros individuos de mala catadura. Todos buscan adueñarse de una plano misterioso, que será el origen de una aventurada expedición hacia la isla del tesoro...Un viaje que muy pronto se convierte en una lucha casi desesperada, en que el joven protagonista sobresale como un héroe. Esta obra de Stevenson es un clásico de la literatura juvenil y conserva hasta hoy actualidad e interés. La trama, novelesca y llena de intriga y aventuras, está basada en la realidad histórica de lo que fue la piratería marítima, con sus fabulosos tesoros, sus crímenes y misteriosas hermandades.  aProyecto 4to libro. Donación Cabanne, Julia. Mayo 2019 aNovela93091 2ddccLIT c2996d2996 00102ddc4070aBFMbBFMcCRd2019-05-31eDonación Cabanne, Julia. Mayo 2019l1o808.8 81 STEp4432r2019-06-21s2019-06-10tEj. 1w2019-05-31yLITzProyecto 4to libro. Donación Cabanne, Julia. Mayo 2019